[Event "Schachbezirk Mittelfranken BezEM  A 2025"]
[Site "Nürnberg"]
[Date "2025.06.07"]
[Round "3.2"]
[White "Wagner, Florian"]
[Black "Link, Andreas"]
[Result "1/2-1/2"]
[WhiteElo "2204"]
[BlackElo "2056"]
[PlyCount "52"]
[GameId "2187605048119250"]
[EventDate "2025.??.??"]
[WhiteTeam "SW Nürnberg Süd"]
[BlackTeam "SVG Zabo  Nürnberg"]

1. c4 c5 2. Nc3 Nc6 3. g3 g6 4. Bg2 Bg7 5. Nf3 Nf6 6. O-O O-O 7. d3 d6 8. a3 a6 9. Rb1 Rb8 10. b4 cxb4 11. axb4 b5 12. cxb5 axb5 13. Re1 Bd7 14. d4 Qc8 15. Qd3 e5 16. dxe5 dxe5 17. e4 Qb7 18. Bg5 Bg4 19. Nd5 Nxd5 20. exd5 Bxf3 21. Qxf3 Nd4 22. Qd1 Qd7 23. Be3 Rfc8 24. Bxd4 exd4 25. Qf3 Qd6 26. Bf1 Rd8 1/2-1/2

[Event "Schachbezirk Mittelfranken BezEM  A 2025"]
[Site "Nürnberg"]
[Date "2025.06.07"]
[Round "3.3"]
[White "Braun, Michael"]
[Black "Redzepovic, Irfan"]
[Result "1/2-1/2"]
[WhiteElo "2064"]
[BlackElo "2051"]
[PlyCount "60"]
[GameId "2187605849870305"]
[EventDate "2025.??.??"]
[WhiteTeam "NT Nürnberg"]
[BlackTeam "SW Nürnberg Süd"]

1. d4 d5 2. c4 e6 3. Nf3 Nf6 4. g3 Be7 5. Bg2 O-O 6. O-O c6 7. Nc3 a5 8. Qd3 b6 9. b3 Na6 10. e4 Bb7 11. Rd1 dxe4 12. Nxe4 Nxe4 13. Qxe4 Nc5 14. Qc2 Nd7 15. Ne5 Rc8 16. Be3 Nf6 17. Qe2 Re8 18. h4 Nd7 19. a4 Nf8 20. c5 Nd7 21. Nxd7 Qxd7 22. cxb6 Bd8 23. b4 Bxb6 24. bxa5 Bxa5 25. Qh5 Ra8 26. Be4 g6 27. Qe5 Bc7 28. Qf6 Bd8 29. Qf4 Bc7 30. Qf6 Bd8 1/2-1/2

[Event "Schachbezirk Mittelfranken BezEM  A 2025"]
[Site "Nürnberg"]
[Date "2025.06.07"]
[Round "3.4"]
[White "Himonakis, Michael"]
[Black "Liepold, Stefan"]
[Result "1/2-1/2"]
[WhiteElo "1889"]
[BlackElo "2076"]
[PlyCount "118"]
[GameId "2187630152095242"]
[EventDate "2025.??.??"]
[WhiteTeam "NT Nürnberg"]
[BlackTeam "SC Erlangen 48/88"]

1. e4 c5 2. Nf3 d6 3. d4 cxd4 4. Nxd4 Nf6 5. f3 e5 6. Nb3 Be6 7. c4 Be7 8. Be3 O-O 9. Be2 Nfd7 10. O-O f5 11. Nc3 Nc6 12. Qd2 Nf6 13. Rac1 fxe4 14. fxe4 Qd7 15. Kh1 Rad8 16. Bd3 Ng4 17. Bg1 h6 18. Qe2 Bg5 19. Rcd1 Nf6 20. Qe1 Nb4 21. Be2 Nc2 22. Qg3 Bf4 23. Qd3 Nb4 24. Qb1 Bg4 25. a3 Nc6 26. Qd3 h5 27. Nd5 Bg5 28. c5 Nxd5 29. exd5 Rxf1 30. Rxf1 Ne7 31. cxd6 Qxd6 32. Bxg4 hxg4 33. Qg3 Nxd5 34. Nc5 Qe7 35. Qxg4 Be3 36. Qc4 Qxc5 37. Qxc5 Bxc5 38. Bxc5 b6 39. Bf2 Nf4 40. g3 Nd3 41. b3 Rc8 42. Kg1 Rc3 43. Rb1 Nxf2 44. Kxf2 Kf7 45. Rb2 Ke6 46. a4 e4 47. b4 Ke5 48. Ke2 Ra3 49. a5 bxa5 50. bxa5 Rxa5 51. Rb7 g5 52. h4 Ra2+ 53. Ke3 Ra3+ 54. Ke2 Rxg3 55. hxg5 a6 56. Ra7 Kf4 57. Rxa6 Rg2+ 58. Kf1 Rxg5 59. Kf2 e3+ 1/2-1/2

[Event "Schachbezirk Mittelfranken BezEM  A 2025"]
[Site "Nürnberg"]
[Date "2025.06.07"]
[Round "3.5"]
[White "Engel, David"]
[Black "Ammon, Tobias"]
[Result "0-1"]
[WhiteElo "1891"]
[BlackElo "2198"]
[PlyCount "76"]
[GameId "2187633017727096"]
[EventDate "2025.??.??"]
[WhiteTeam "Zabo-Eintracht Nürnberg e.V"]
[BlackTeam "SV Altensittenbach"]

1. e4 c6 2. d3 d5 3. Nd2 e5 4. Ngf3 Bd6 5. g3 Nf6 6. Bg2 O-O 7. O-O Re8 8. Re1 Nbd7 9. c3 Qc7 10. Qc2 a5 11. d4 exd4 12. Nxd4 Nc5 13. Re2 Nfxe4 14. Nxe4 Nxe4 15. Bxe4 dxe4 16. Rxe4 Rxe4 17. Qxe4 Bd7 18. Bf4 Bxf4 19. Qxf4 Qxf4 20. gxf4 Kf8 21. Re1 b6 22. Kg2 c5 23. Nf3 Rd8 24. Ne5 Be6 25. a3 Rd2 26. b4 axb4 27. axb4 cxb4 28. cxb4 Rd4 29. Ra1 g6 30. Rb1 f6 31. Rc1 fxe5 32. fxe5 Rxb4 33. Kg3 Ke7 34. Rc7+ Bd7 35. f4 Rb3+ 36. Kg2 b5 37. h4 Rb2+ 38. Kf3 Rh2 0-1

[Event "Schachbezirk Mittelfranken BezEM  A 2025"]
[Site "Nürnberg"]
[Date "2025.06.07"]
[Round "3.6"]
[White "Kaza, Charith"]
[Black "Just, Hannes"]
[Result "1/2-1/2"]
[WhiteElo "1659"]
[BlackElo "2152"]
[PlyCount "37"]
[GameId "2187660232520437"]
[EventDate "2025.??.??"]
[WhiteTeam "NT Nürnberg 1873"]
[BlackTeam "SW Nürnberg Süd"]

1. e4 g6 2. d4 Bg7 3. Nf3 d6 4. Bc4 Nf6 5. Nc3 Nxe4 6. Bxf7+ Kxf7 7. Nxe4 h6 8. b3 d5 9. Ng3 Nc6 10. Bb2 Rf8 11. Qd3 Qd6 12. O-O Kg8 13. Nh4 Kh7 14. f4 Qf6 15. Nf3 Qxf4 16. Ne5 Nxe5 17. dxe5 Qg4 18. Rxf8 Bxf8 19. Qxd5 1/2-1/2

[Event "Schachbezirk Mittelfranken BezEM  A 2025"]
[Site "Nürnberg"]
[Date "2025.06.07"]
[Round "3.7"]
[White "Auburger, Philipp"]
[Black "Dakic, Milan"]
[Result "1-0"]
[WhiteElo "1985"]
[BlackElo "1851"]
[PlyCount "67"]
[GameId "2187661731927116"]
[EventDate "2025.??.??"]
[WhiteTeam "SC Forchheim e.V."]
[BlackTeam "SW Nürnberg Süd e.V"]

1. e4 c5 2. c3 e6 3. d4 d5 4. e5 Nc6 5. Nf3 Nge7 6. Bd3 Qb6 7. a3 Nf5 8. dxc5 Bxc5 9. O-O Qd8 10. Nbd2 O-O 11. Nb3 Be7 12. Re1 Nh4 13. Nfd4 a6 14. Bf4 f5 15. exf6 Bxf6 16. Nxe6 Bxe6 17. Rxe6 Qc8 18. Qe2 Bxc3 19. Bg3 Bxb2 20. Rb1 Bf6 21. Rxf6 Rxf6 22. Bxh4 Re6 23. Qh5 Rh6 24. Qxd5+ Kh8 25. Bg5 Rh5 26. Be2 Ne7 27. Qd2 Rxg5 28. Qxg5 Qc2 29. Re1 Qxb3 30. Qxe7 Qc3 31. Bf1 h5 32. Qxb7 Rf8 33. Qe7 Rf6 34. Qe8+ 1-0

[Event "Schachbezirk Mittelfranken BezEM  A 2025"]
[Site "Nürnberg"]
[Date "2025.06.07"]
[Round "3.8"]
[White "Hollmann, Thomas"]
[Black "Ulusoy, Tolga"]
[Result "1/2-1/2"]
[WhiteElo "2042"]
[BlackElo "1998"]
[PlyCount "105"]
[GameId "2187663917540443"]
[EventDate "2025.??.??"]
[WhiteTeam "SG Büchenbach/Roth"]
[BlackTeam "NT Nürnberg"]

1. e4 c5 2. Nf3 d6 3. d4 cxd4 4. Nxd4 Nf6 5. Nc3 g6 6. Be3 Nc6 7. f3 h5 8. Qd2 Nxd4 9. Bxd4 Bh6 10. Be3 Bxe3 11. Qxe3 Be6 12. O-O-O Qa5 13. Kb1 Rc8 14. Qd4 h4 15. Qa4+ Qxa4 16. Nxa4 Rh5 17. Nc3 a6 18. Bd3 Rg5 19. Rhg1 Nd7 20. Ne2 Ra5 21. b3 Ne5 22. Nd4 Bd7 23. c4 Rac5 24. Be2 Nc6 25. Nxc6 Bxc6 26. Rc1 Re5 27. Bd3 Rg5 28. g3 hxg3 29. hxg3 Rh5 30. Rh1 Rxh1 31. Rxh1 Kd7 32. Kb2 Ke6 33. Rh7 Kf6 34. Kc3 e5 35. Kb4 a5+ 36. Kc3 d5 37. cxd5 Bxd5+ 38. Kd2 Be6 39. Rh1 Ke7 40. Rc1 Rxc1 41. Kxc1 Kd6 42. Kd2 Kc5 43. Kc3 b5 44. g4 f6 45. Bc2 Bd7 46. a3 b4+ 47. axb4+ axb4+ 48. Kd3 f5 49. gxf5 gxf5 50. exf5 Bxf5+ 51. Kd2 Be6 52. Ke3 Bd5 53. Bd1 1/2-1/2

[Event "Schachbezirk Mittelfranken BezEM  A 2025"]
[Site "Nürnberg"]
[Date "2025.06.07"]
[Round "3.9"]
[White "Erlbeck, Peter"]
[Black "Merdian, Nick"]
[Result "0-1"]
[WhiteElo "2024"]
[BlackElo "1874"]
[PlyCount "82"]
[GameId "2187666679465562"]
[EventDate "2025.??.??"]
[WhiteTeam "SW Nürnberg Süd"]
[BlackTeam "SC Postbauer-Heng e.V"]

1. e4 c5 2. Nc3 e6 3. f4 d5 4. Nf3 d4 5. Nb1 Bd6 6. d3 Nc6 7. g3 Nge7 8. Bg2 O-O 9. Na3 a6 10. Nc4 b5 11. Nxd6 Qxd6 12. O-O Bb7 13. Qe2 f5 14. Ng5 h6 15. Nh3 Rac8 16. Bd2 fxe4 17. Bxe4 Nd5 18. Rae1 e5 19. Qg2 Ne3 20. Bxe3 dxe3 21. c3 c4 22. Rxe3 Qc5 23. Qf2 Rcd8 24. Rf3 Qxf2+ 25. R1xf2 cxd3 26. Rd2 exf4 27. Rxf4 Rfe8 28. Nf2 Na5 29. Bxb7 Nxb7 30. Rxd3 Nc5 31. Rxd8 Rxd8 32. Rd4 Re8 33. Kf1 Kf7 34. Rd5 Na4 35. Nd1 Re6 36. Kf2 Nb6 37. Rd4 Nc4 38. b3 Ne5 39. Ne3 Rf6+ 40. Kg2 h5 41. Rd7+ Nxd7 0-1

[Event "Schachbezirk Mittelfranken BezEM  A 2025"]
[Site "Nürnberg"]
[Date "2025.06.07"]
[Round "3.10"]
[White "Pölsterl, Hans"]
[Black "Civas, Ege Noyan"]
[Result "0-1"]
[WhiteElo "1904"]
[BlackElo "1829"]
[PlyCount "58"]
[GameId "2187669238188181"]
[EventDate "2025.??.??"]
[WhiteTeam "BSG Wöhrlhaus Erlangen"]
[BlackTeam "SW Nürnberg Süd e.V"]

1. Nf3 d5 2. g3 Nf6 3. Bg2 c6 4. d3 Bf5 5. O-O h5 6. h4 Nbd7 7. b3 e6 8. Bb2 Bd6 9. Nbd2 Qc7 10. c4 O-O-O 11. Ng5 Bg6 12. Rc1 Ng4 13. cxd5 exd5 14. e4 dxe4 15. Ndxe4 Be5 16. d4 Ndf6 17. Nc5 Bxg3 18. Nxb7 Bxf2+ 19. Rxf2 Qh2+ 20. Kf1 Ne3+ 21. Ke2 Nxd1 22. Bh3+ Qxh3 23. Nxh3 Nxf2 24. Nxd8 Nxh3 25. Nxc6 Nf4+ 26. Kf3 Nd3 27. Ne7+ Kd7 28. Nxg6 fxg6 29. Rc2 Ne1+ 0-1

[Event "Schachbezirk Mittelfranken BezEM  A 2025"]
[Site "Nürnberg"]
[Date "2025.06.07"]
[Round "3.11"]
[White "Vogiatzis, Dimitrios"]
[Black "Kanewski, Josef"]
[Result "1-0"]
[WhiteElo "1939"]
[BlackElo "1970"]
[PlyCount "29"]
[GameId "2187670796163551"]
[EventDate "2025.??.??"]
[WhiteTeam "NT Nürnberg"]
[BlackTeam "SW Nürnberg Süd"]

1. e4 c5 2. b4 cxb4 3. a3 b3 4. cxb3 e5 5. Bb2 Nc6 6. Nf3 d6 7. Bc4 Be6 8. d4 Bxc4 9. bxc4 exd4 10. Nxd4 Nf6 11. O-O Be7 12. Nf5 O-O 13. Nd2 Re8 14. Qf3 Bf8 15. Nh6+ 1-0

[Event "Schachbezirk Mittelfranken BezEM  A 2025"]
[Site "Nürnberg"]
[Date "2025.06.07"]
[Round "3.12"]
[White "Meulner, Klaus"]
[Black "König, Oliver"]
[Result "1/2-1/2"]
[WhiteElo "1990"]
[BlackElo "1961"]
[PlyCount "36"]
[GameId "2187672572603191"]
[EventDate "2025.??.??"]
[WhiteTeam "SW Nürnberg Süd"]
[BlackTeam "SG Fürth"]

1. c4 Nf6 2. Nc3 g6 3. g3 Bg7 4. Bg2 O-O 5. Nf3 c5 6. d4 d6 7. h3 Nc6 8. O-O cxd4 9. Nxd4 Nxd4 10. Qxd4 Be6 11. Qh4 Rc8 12. b3 Rc5 13. g4 h5 14. Be3 Re5 15. Bd4 Nh7 16. Rad1 hxg4 17. hxg4 Rg5 18. e3 Bxd4 1/2-1/2

[Event "Schachbezirk Mittelfranken BezEM  A 2025"]
[Site "Nürnberg"]
[Date "2025.06.08"]
[Round "4.1"]
[White "Böhme, Sebastian"]
[Black "Wagner, Florian"]
[Result "0-1"]
[WhiteElo "2279"]
[BlackElo "2204"]
[PlyCount "70"]
[GameId "2187677281431584"]
[EventDate "2025.??.??"]
[WhiteTeam "SC Erlangen"]
[BlackTeam "SW Nürnberg Süd"]

1. d4 Nf6 2. Nf3 g6 3. c4 Bg7 4. Nc3 d5 5. cxd5 Nxd5 6. e4 Nxc3 7. bxc3 c5 8. h3 O-O 9. Be2 cxd4 10. cxd4 Nc6 11. Be3 Qa5+ 12. Bd2 Qa3 13. d5 Ne5 14. O-O e6 15. Nd4 exd5 16. Nb5 Qe7 17. exd5 Bf5 18. Rc1 Bd3 19. Bxd3 Nxd3 20. Rc7 Qe4 21. Qb3 Be5 22. d6 a6 23. Nc3 Qf5 24. Nd5 Bxd6 25. Bc3 Nc5 26. Qc4 Ne6 27. Nf6+ Qxf6 28. Bxf6 Bxc7 29. Re1 Rfe8 30. a4 Rac8 31. Qb4 b6 32. g3 Rb8 33. Qd2 Bd8 34. Bb2 Rc8 35. Qh6 Bg5 0-1

[Event "Schachbezirk Mittelfranken BezEM  A 2025"]
[Site "Nürnberg"]
[Date "2025.06.08"]
[Round "4.2"]
[White "Redzepovic, Irfan"]
[Black "Ammon, Tobias"]
[Result "1/2-1/2"]
[WhiteElo "2051"]
[BlackElo "2198"]
[PlyCount "98"]
[GameId "2187683307319902"]
[EventDate "2025.??.??"]
[WhiteTeam "SW Nürnberg Süd"]
[BlackTeam "SV Altensittenbach"]

1. d4 Nf6 2. Nf3 d5 3. c4 c6 4. e3 e6 5. Bd3 Nbd7 6. b3 Bb4+ 7. Bd2 Bd6 8. O-O Ne4 9. Qc2 f5 10. Nc3 O-O 11. Rfd1 g5 12. Be1 Qf6 13. cxd5 exd5 14. Ne2 Qh6 15. Ng3 Ndf6 16. Nd2 Nxg3 17. hxg3 Ne4 18. Nf1 g4 19. f3 Ng5 20. f4 Ne4 21. Bxe4 fxe4 22. b4 Bd7 23. Qb3 Qe6 24. a4 Rfc8 25. Rac1 Rc7 26. Rc2 Rac8 27. Rdc1 b6 28. Qa2 Qf7 29. Qb1 Qe8 30. Qa2 Be6 31. Qa1 Qe7 32. Qb2 Kf7 33. Bc3 Qd7 34. a5 bxa5 35. bxa5 Rb7 36. Qa1 a6 37. Bb2 Rb5 38. Bc3 Qb7 39. Be1 Bd7 40. Bc3 Rb8 41. Nd2 Kg6 42. Rf1 Bf5 43. Rfc1 Qe7 44. Kf2 Bd7 45. Rb2 Ba3 46. Rxb5 cxb5 47. Bb2 Bd6 48. Nb3 b4 49. Nc5 Rb5 1/2-1/2

[Event "Schachbezirk Mittelfranken BezEM  A 2025"]
[Site "Nürnberg"]
[Date "2025.06.08"]
[Round "4.3"]
[White "Alf, Michael"]
[Black "Braun, Michael"]
[Result "1/2-1/2"]
[WhiteElo "2002"]
[BlackElo "2064"]
[PlyCount "49"]
[GameId "2187686472541356"]
[EventDate "2025.??.??"]
[WhiteTeam "SK Leutershausen"]
[BlackTeam "NT Nürnberg"]

1. Nf3 f5 2. g3 Nf6 3. Bg2 g6 4. O-O Bg7 5. d4 O-O 6. c4 d6 7. Nc3 c6 8. Qc2 Na6 9. Rd1 Qe8 10. Rb1 e5 11. dxe5 dxe5 12. b4 Nc7 13. Rb3 e4 14. Nd4 Ne6 15. Nxe6 Bxe6 16. Ra3 Qf7 17. c5 a6 18. f3 exf3 19. exf3 Rad8 20. Bf1 Rxd1 21. Qxd1 Nd5 22. Nxd5 Bxd5 23. Rd3 Re8 24. a3 Qe6 25. Kf2 1/2-1/2

[Event "Schachbezirk Mittelfranken BezEM  A 2025"]
[Site "Nürnberg"]
[Date "2025.06.08"]
[Round "4.4"]
[White "Liepold, Stefan"]
[Black "Auburger, Philipp"]
[Result "1/2-1/2"]
[WhiteElo "2076"]
[BlackElo "1985"]
[PlyCount "37"]
[GameId "2187687504082341"]
[EventDate "2025.??.??"]
[WhiteTeam "SC Erlangen 48/88"]
[BlackTeam "SC Forchheim e.V."]

1. e4 e5 2. Nf3 Nf6 3. d4 Nxe4 4. Bd3 Nc6 5. dxe5 d5 6. exd6 Nxd6 7. Nc3 Be7 8. Bf4 Be6 9. Qe2 O-O 10. O-O-O Bf6 11. Ne4 Nb4 12. Nxf6+ Qxf6 13. Bg5 Nxd3+ 14. Qxd3 Qf5 15. Be7 Qf4+ 16. Qe3 Qxe3+ 17. fxe3 Rfc8 18. Bxd6 cxd6 19. a3 1/2-1/2

[Event "Schachbezirk Mittelfranken BezEM  A 2025"]
[Site "Nürnberg"]
[Date "2025.06.08"]
[Round "4.5"]
[White "Link, Andreas"]
[Black "Himonakis, Michael"]
[Result "1-0"]
[WhiteElo "2056"]
[BlackElo "1889"]
[PlyCount "71"]
[GameId "2187688966239935"]
[EventDate "2025.??.??"]
[WhiteTeam "SVG Zabo  Nürnberg"]
[BlackTeam "NT Nürnberg"]

1. d4 Nf6 2. Nf3 d5 3. c4 e6 4. Nc3 Be7 5. Bg5 c6 6. e3 Nbd7 7. Bd3 dxc4 8. Bxc4 b5 9. Bd3 Bb7 10. e4 a6 11. e5 Nd5 12. Ne4 O-O 13. h4 f6 14. exf6 N7xf6 15. O-O Nxe4 16. Bxe4 Nf6 17. Qd3 h6 18. Bxf6 Bxf6 19. h5 Qd6 20. Rfd1 Rfd8 21. Rac1 Rac8 22. Qe3 Qe7 23. Bd3 Rd6 24. Qe4 Kf8 25. Qf4 Kg8 26. Ne5 Bxe5 27. dxe5 Rdd8 28. Be4 Rd5 29. Bxd5 exd5 30. b4 Rf8 31. Qd4 Rf5 32. Re1 Rxh5 33. e6 Bc8 34. Rxc6 Bb7 35. Rb6 Kf8 36. Qc5 1-0

[Event "Schachbezirk Mittelfranken BezEM  A 2025"]
[Site "Nürnberg"]
[Date "2025.06.08"]
[Round "4.6"]
[White "Just, Hannes"]
[Black "Ulusoy, Tolga"]
[Result "1-0"]
[WhiteElo "2152"]
[BlackElo "1998"]
[PlyCount "102"]
[GameId "2187939659501880"]
[EventDate "2025.??.??"]
[WhiteTeam "SW Nürnberg Süd"]
[BlackTeam "NT Nürnberg"]

1. e4 c5 2. Nf3 d6 3. Nc3 Nc6 4. d4 cxd4 5. Nxd4 g6 6. Nd5 Nf6 7. Nxf6+ exf6 8. Nb5 a6 9. Nc3 Bg7 10. Bf4 Ne5 11. Qd2 O-O 12. Bh6 Be6 13. Bxg7 Kxg7 14. f4 Nc6 15. f5 gxf5 16. exf5 Bxf5 17. O-O-O Ne5 18. Be2 Rc8 19. g4 Be6 20. Rhg1 Qa5 21. Rg3 Ng6 22. Kb1 Qg5 23. Qxd6 Rfd8 24. Qxd8 Rxd8 25. Rxd8 Qh4 26. Rd1 Qxh2 27. Rgg1 Qe5 28. Bd3 b5 29. Rde1 Qc7 30. Bf5 b4 31. Ne4 Bd5 32. Ng3 Kf8 33. Nh5 Qc6 34. Rgf1 Ne5 35. Rd1 Bf3 36. Rd8+ Ke7 37. Rc8 Qb7 38. Re1 h6 39. Nf4 Qb6 40. Nd3 Qd4 41. c3 bxc3 42. Rxc3 Bd5 43. Nxe5 fxe5 44. Rd3 Qc4 45. b3 Qc6 46. Rxe5+ Be6 47. Rde3 Kf6 48. Rxe6+ fxe6 49. Rxe6+ Qxe6 50. Bxe6 Kxe6 51. b4 Kd5 1-0

[Event "Schachbezirk Mittelfranken BezEM  A 2025"]
[Site "Nürnberg"]
[Date "2025.06.08"]
[Round "4.7"]
[White "Merdian, Nick"]
[Black "Hollmann, Thomas"]
[Result "1/2-1/2"]
[WhiteElo "1874"]
[BlackElo "2042"]
[PlyCount "47"]
[GameId "2187946301739754"]
[EventDate "2025.??.??"]
[WhiteTeam "SC Postbauer-Heng e.V"]
[BlackTeam "SG Büchenbach/Roth"]

1. d4 Nf6 2. c4 e6 3. Nc3 d5 4. cxd5 exd5 5. Bg5 Be7 6. e3 h6 7. Bh4 O-O 8. Bd3 c6 9. Nf3 Re8 10. Qc2 Nbd7 11. O-O Ne4 12. Bxe4 Bxh4 13. Bh7+ Kh8 14. Bf5 Bf6 15. Ne2 g6 16. Bh3 Qe7 17. Nf4 Nb6 18. Bxc8 Nxc8 19. Nd3 a5 20. Nde5 Nd6 21. Rac1 Ne4 22. Nd3 Kg7 23. Nfe5 h5 24. f4 1/2-1/2

[Event "Schachbezirk Mittelfranken BezEM  A 2025"]
[Site "Nürnberg"]
[Date "2025.06.08"]
[Round "4.8"]
[White "Civas, Ege Noyan"]
[Black "Kaza, Charith"]
[Result "1-0"]
[WhiteElo "1829"]
[BlackElo "1659"]
[PlyCount "99"]
[GameId "2187947688182748"]
[EventDate "2025.??.??"]
[WhiteTeam "SW Nürnberg Süd e.V"]
[BlackTeam "NT Nürnberg 1873"]

1. e4 c5 2. Nc3 Nc6 3. f4 e6 4. Nf3 d5 5. e5 d4 6. Ne4 a6 7. d3 b6 8. g3 f5 9. exf6 Nxf6 10. Qe2 Be7 11. Bg2 Nd5 12. O-O O-O 13. Neg5 Qd6 14. Re1 Nd8 15. Qe4 g6 16. Ne5 Bb7 17. Nc4 Qb8 18. Qe2 Bxg5 19. fxg5 Qc7 20. Bd2 Re8 21. Qe5 Qxe5 22. Nxe5 Ra7 23. Re2 Ba8 24. Rae1 Nf7 25. Ng4 Nd8 26. Bxd5 Bxd5 27. Nf6+ Kf7 28. Nxd5 b5 29. Nf6 Ree7 30. Ng4 Nc6 31. Ne5+ Nxe5 32. Rxe5 Rac7 33. Rf1+ Kg7 34. Bf4 Rc6 35. Re2 Kg8 36. Be5 Rc8 37. Ref2 Rd7 38. Rf6 Re8 39. R6f2 Rc8 40. Kg2 Re8 41. Kf3 Rd5 42. Ke4 Rd7 43. h4 Rc8 44. b3 Re8 45. g4 Rc8 46. h5 Re8 47. hxg6 hxg6 48. Rh2 Rh7 49. Rxh7 Kxh7 50. Rh1+ 1-0

[Event "Schachbezirk Mittelfranken BezEM  A 2025"]
[Site "Nürnberg"]
[Date "2025.06.08"]
[Round "4.9"]
[White "Dakic, Milan"]
[Black "Vogiatzis, Dimitrios"]
[Result "0-1"]
[WhiteElo "1851"]
[BlackElo "1939"]
[PlyCount "70"]
[GameId "2187985869808456"]
[EventDate "2025.??.??"]
[WhiteTeam "SW Nürnberg Süd e.V"]
[BlackTeam "NT Nürnberg"]

1. e4 e5 2. Nf3 Qe7 3. Bc4 d6 4. c3 g6 5. d3 Bg7 6. Qb3 Nf6 7. Bg5 O-O 8. a4 Nc6 9. a5 a6 10. Nbd2 Nd8 11. O-O h6 12. Bxf6 Qxf6 13. d4 g5 14. dxe5 dxe5 15. h3 Kh7 16. Be2 Ne6 17. Nh2 Qg6 18. Ng4 Nf4 19. Bc4 h5 20. Ne3 g4 21. hxg4 hxg4 22. g3 Nh3+ 23. Kg2 Bh6 24. Rae1 Rb8 25. Bd5 b5 26. Qc2 c6 27. Ba2 Nf4+ 28. gxf4 exf4 29. Nf5 f3+ 30. Nxf3 gxf3+ 31. Kxf3 Qh5+ 32. Kg2 Bxf5 33. Rh1 Rg8+ 34. Kf1 Qxh1+ 35. Ke2 Bg4+ 0-1

[Event "Schachbezirk Mittelfranken BezEM  A 2025"]
[Site "Nürnberg"]
[Date "2025.06.08"]
[Round "4.10"]
[White "Assem Gawdat Azmy, Mostafa"]
[Black "Engel, David"]
[Result "1/2-1/2"]
[WhiteElo "1787"]
[BlackElo "1891"]
[PlyCount "80"]
[GameId "2187987982742843"]
[EventDate "2025.??.??"]
[WhiteTeam "SC Erlangen 48/88"]
[BlackTeam "Zabo-Eintracht Nürnberg e.V"]

1. e4 c5 2. Nf3 d6 3. d4 cxd4 4. Nxd4 Nf6 5. Nc3 g6 6. Be3 Bg7 7. Bc4 O-O 8. Qd2 Ng4 9. Bg5 Qc7 10. Be2 Qc5 11. Bxg4 Bxg4 12. Nb3 Bxc3 13. bxc3 Qe5 14. f3 Bd7 15. O-O Rc8 16. Nd4 f6 17. Be3 Qa5 18. Rfb1 Qxc3 19. Qxc3 Rxc3 20. Rb3 Rc7 21. c4 b6 22. Rc1 Nc6 23. Nb5 Rcc8 24. Ra3 Na5 25. Nxa7 Rxc4 26. Rb1 Rc7 27. Bxb6 Rcxa7 28. Bxa7 Rxa7 29. Rb8+ Kf7 30. Rd8 Be8 31. Kf2 Nc6 32. Rxa7 Nxd8 33. a4 Ne6 34. a5 Nc5 35. Ke3 g5 36. Kd4 Bb5 37. g3 Bd3 38. h3 h6 39. Ra8 Be2 40. Ke3 Bb5 1/2-1/2

[Event "Schachbezirk Mittelfranken BezEM  A 2025"]
[Site "Nürnberg"]
[Date "2025.06.08"]
[Round "4.11"]
[White "König, Oliver"]
[Black "Erlbeck, Peter"]
[Result "0-1"]
[WhiteElo "1961"]
[BlackElo "2024"]
[PlyCount "58"]
[GameId "2188275146822036"]
[EventDate "2025.??.??"]
[WhiteTeam "SG Fürth"]
[BlackTeam "SW Nürnberg Süd"]

1. Nc3 c5 2. Nf3 Nc6 3. d4 cxd4 4. Nxd4 Nf6 5. Bg5 Qb6 6. Nb3 e6 7. a3 Be7 8. e4 O-O 9. Qd3 Ng4 10. Be3 Nxe3 11. fxe3 Bg5 12. Nd1 d5 13. h4 dxe4 14. Qxe4 f5 15. Qf3 Bh6 16. Be2 Ne5 17. Qh3 Ng4 18. O-O Bd7 19. Kh1 e5 20. e4 fxe4 21. Qc3 Rxf1+ 22. Bxf1 Qf6 23. Bc4+ Kh8 24. Qg3 Rf8 25. Nc3 Bf4 26. Qe1 e3 27. Ne4 Qh6 28. g3 Nf2+ 29. Nxf2 Bxg3 0-1

[Event "Schachbezirk Mittelfranken BezEM  A 2025"]
[Site "Nürnberg"]
[Date "2025.06.08"]
[Round "4.12"]
[White "Pölsterl, Hans"]
[Black "Meulner, Klaus"]
[Result "0-1"]
[WhiteElo "1904"]
[BlackElo "1990"]
[PlyCount "102"]
[GameId "2188278022976256"]
[EventDate "2025.??.??"]
[WhiteTeam "BSG Wöhrlhaus Erlangen"]
[BlackTeam "SW Nürnberg Süd"]

1. c4 b6 2. Nc3 Bb7 3. e3 e6 4. Nf3 f5 5. Be2 Nf6 6. d4 Bb4 7. Bd2 Bxc3 8. Bxc3 Ne4 9. Bb4 d6 10. O-O O-O 11. Nd2 Ng5 12. f4 a5 13. Bc3 Ne4 14. Nxe4 Bxe4 15. d5 exd5 16. cxd5 Nd7 17. Bf3 Nc5 18. Qd4 Qe7 19. Rad1 Rae8 20. Bh5 Rd8 21. Bf3 Rd7 22. Bxe4 Nxe4 23. Rf3 Re8 24. Be1 Qf7 25. b3 Nc5 26. Bc3 Ne4 27. Bb2 Rde7 28. Rh3 Qg6 29. Rf3 Qh5 30. Rdf1 Qf7 31. Rd1 h6 32. Rh3 Kh7 33. Rf3 Nf6 34. Bc1 Re4 35. Qd3 Nd7 36. Rg3 Nf6 37. Bb2 Qe7 38. Bxf6 Qxf6 39. Kf2 R8e7 40. Rc1 a4 41. Rc6 Qh4 42. Qc2 Rxe3 43. Qxf5+ Kg8 44. Rc2 R3e4 45. Rc4 Re2+ 46. Kf1 Qxh2 47. Qc8+ Re8 48. Qxe8+ Rxe8 49. Rh3 Re1+ 50. Kxe1 Qg1+ 51. Kd2 Qxg2+ 0-1

[Event "Schachbezirk Mittelfranken BezEM  A 2025"]
[Site "Nürnberg"]
[Date "2025.06.08"]
[Round "5.1"]
[White "Link, Andreas"]
[Black "Böhme, Sebastian"]
[Result "0-1"]
[WhiteElo "2056"]
[BlackElo "2279"]
[PlyCount "66"]
[GameId "2188281814226472"]
[EventDate "2025.??.??"]
[WhiteTeam "SVG Zabo  Nürnberg"]
[BlackTeam "SC Erlangen"]

1. Nf3 Nf6 2. d4 g6 3. c4 Bg7 4. g3 c6 5. Bg2 d5 6. cxd5 cxd5 7. O-O O-O 8. Nc3 Ne4 9. Nxe4 dxe4 10. Ne5 Bf5 11. Be3 Nd7 12. Nxd7 Qxd7 13. Qd2 Rfd8 14. Rfd1 Qd5 15. h3 h5 16. Qb4 Rd7 17. Rd2 Rc8 18. Qb3 Be6 19. Rc2 Rdc7 20. Rc5 Qxc5 21. dxc5 Bxb3 22. axb3 b6 23. b4 Bxb2 24. Rb1 Bc3 25. Bxe4 bxc5 26. bxc5 a5 27. Rc1 Be5 28. c6 a4 29. Bb6 Rb7 30. Bc5 Rb5 31. Bd3 Rb3 32. Bxe7 a3 33. Ba6 a2 0-1

[Event "Schachbezirk Mittelfranken BezEM  A 2025"]
[Site "Nürnberg"]
[Date "2025.06.08"]
[Round "5.3"]
[White "Ammon, Tobias"]
[Black "Liepold, Stefan"]
[Result "1-0"]
[WhiteElo "2198"]
[BlackElo "2076"]
[PlyCount "105"]
[GameId "2188295293569139"]
[EventDate "2025.??.??"]
[WhiteTeam "SV Altensittenbach"]
[BlackTeam "SC Erlangen 48/88"]

1. c4 e5 2. Nc3 Nc6 3. Nf3 Nf6 4. g3 Bb4 5. Nd5 e4 6. Nh4 O-O 7. Bg2 Re8 8. O-O Bf8 9. d3 exd3 10. Qxd3 Nxd5 11. cxd5 Nb4 12. Qc4 b5 13. Qb3 c5 14. dxc6 dxc6 15. Rd1 Qf6 16. Qf3 Qxf3 17. Bxf3 Be6 18. Bd2 Nd5 19. e4 Nb6 20. b3 Rac8 21. Be3 c5 22. Nf5 Red8 23. Be2 a6 24. Rac1 Bxf5 25. exf5 Nd5 26. Bf3 Nxe3 27. fxe3 a5 28. Kf2 Be7 29. Ke2 Kf8 30. Rxd8+ Rxd8 31. Bc6 b4 32. Rc4 h6 33. Rc2 Rc8 34. Bd5 Bf6 35. Kd3 Bc3 36. a4 f6 37. Kc4 Ke7 38. Kb5 Kd6 39. e4 Rb8+ 40. Kxa5 c4 41. Bxc4 Kc5 42. Ka6 Rb6+ 43. Ka7 Rd6 44. Kb7 Rd7+ 45. Kc8 Kd6 46. Bd5 Ke7 47. a5 Ra7 48. Ra2 Rd7 49. Be6 Rd8+ 50. Kb7 Be5 51. a6 Rb8+ 52. Kc6 Bd4 53. a7 1-0